000 01166njm a22002897a 4500
005 20100920105049.0
006 a|||||r|||||00| 0
007 sd ammalaaahaa
008 100901t xxu||||| |||| 00| 0 eng d
028 _a2392 469
_bMusic India
035 _aGR-03893
040 _aSED
_cSED
100 _aPaudwal, Anuradha
_917891
245 _aShravan Kumar /
_cby Anuradha Paudwal; music by Bappi Lahiri; lyric by Pradeep
_h[Sound recording]
246 _aश्रवण कुमार / अनुराधा पौडवाल द्वारा
260 _aDum Dum, India
_bMusic India
_c1985
300 _a1 Sound disc [Gramophone Recording] :
_banalog, 33 1/3 rpm
_c12 in. (LP)
_fGramophone Record
500 _aBrief record
500 _aRecord Labels : Music India, Red
505 _aSide-1 (Mein to ho gai re) (Anuradha Paudwal) --Side-2 (Na roko shravanko) (Mahendra Kapoor)
600 _aPaudwal, Anuradha
_919718
650 _aFilm songs
_xExcerpts
_zIndia
_917892
700 _aLahiri, Bappi
_920083
700 _aPradeep
_920095
942 _2ddc
_cGR
999 _c46891
_d46891